Statistics for Worst Football (Soccer) Countries In The World

Click here to take the quiz!

General Stats

  • This quiz has been taken 49 times
  • The average score is 3 of 11

Answer Stats

HintAnswer% Correct
208San Marino
89%
198Gibraltar
57%
200Liechtenstein
36%
204Sri Lanka
25%
207Anguilla
18%
201Pakistan
18%
203Guam
16%
206British Virgin Islands
11%
205US Virgin Islands
11%
199Aruba
9%
202Turks and Caicos Islands
7%

Score Distribution

Percentile by Number Answered

Percent of People with Each Score

Your Score History

You have not taken this quiz